Manažer a asertivní komunikace
Pojem asertivita. Jej využitie v manažmente pre zlepšovanie komunikácie manažéra s okolím.
Na minha lista:
| Autor principal: | |
|---|---|
| Formato: | Capítulo de Livro |
| Idioma: | tcheco |
| Assuntos: | |
| Tags: |
Sem tags, seja o primeiro a adicionar uma tag!
|
MARC
| LEADER | 00000naa$a2200000$$$4500 | ||
|---|---|---|---|
| 001 | 0109236 | ||
| 005 | 20220720111754.6 | ||
| 041 | 0 | |a cze | |
| 044 | |a CZ | ||
| 245 | 1 | 0 | |a Manažer a asertivní komunikace |c Petr Řehoř |
| 520 | |a Pojem asertivita. Jej využitie v manažmente pre zlepšovanie komunikácie manažéra s okolím. | ||
| 610 | 2 | 0 | |a komunikácia manažérska |
| 610 | 2 | 0 | |a asertivita |
| 610 | 2 | 0 | |a prostredie podnikové |
| 610 | 2 | 0 | |a manažéri |
| 610 | 2 | 0 | |a manažment |
| 100 | 1 | |a Řehoř, Petr | |